[Event "BEL-chT2 0708"]
[Site "Belgium"]
[Date "2007.10.07"]
[Round "1"]
[White "Vermeulen, Steven"]
[Black "Palmans, Luc"]
[Result "0-1"]
[WhiteElo "1622"]
[BlackElo "2113"]
[PlyCount "32"]
[EventDate "2007.10.07"]
[EventType "team-tourn"]
[EventRounds "11"]
[EventCountry "BEL"]
[SourceTitle "EXT 2009"]
[Source "ChessBase"]
[SourceDate "2008.11.26"]
[SourceVersion "1"]
[SourceVersionDate "2008.11.26"]
[SourceQuality "1"]
[WhiteTeam "Deurne"]
[BlackTeam "Eisden/MSK"]
[WhiteTeamCountry "BEL"]
[BlackTeamCountry "BEL"]

1. e4 c5 2. Nf3 Nc6 3. Nc3 d6 4. Bb5 Bd7 5. d4 cxd4 6. Nxd4 g6 7. Be3 Bg7 8. 0-0 Nf6 9. Re1 0-0 10. Qd2 Ng4 11. Nxc6 bxc6 12. Bc4 Nxe3 13. Qxe3 Qa5 14. Rab1 Rab8 15. Nd1 Bd4 16. Qe2 Bg4 0-1